000 01030nam a2200229Ia 4500
999 _c40285
_d40285
001 6893
003 GE_BSU
005 20191226151625.0
008 181216s1977||||ge |||||||||||||| ||geo||
040 _cGE_BSU
041 _ageo
080 _a821.353.1-2+792(=353.1) წ-71
245 _aწმინდანები ჯოჯოხეთში = Святые в аду /
_cშემდგ. ლილი ხუციშვილი.
264 _aთბილისი :
_bხელოვნება,
_c1977.
300 _a302 გვ. :
_bილ. ;
_c21სმ.
490 _aპიესის სცენური ცხოვრება
501 _aპარალელური ტექსტი რუსულ ენაზე
653 _aქართული ლიტერატურის ისტორია და კრიტიკა
653 _aქართული თეატრი
700 _aხუციშვილი, ლ.
_eშემდგენელი
_95975
942 _cBK
_2udc